00718nam a2200205 a 4500008004100000020003100041040002500072044001100097080001200108100002300120245009700143250001300240260008000253300002700333490004800360500002200408700002900430700002500459700002800484951212s1980||||CS 0 slo c c15 Kčs. q(8000 výtl.) aSNKbslocSNKeAACR2 axocSK a895.6-31 aEndó, Šúsaku10aMore a jedbPrózacŠúsaku Endó ; Augustín Jurák, Viktor Krupa, Vladislav Rostoka a1., vyd. aBratislavabSlovenský spisovateľc1980eTrnavafPolygrafické závody a175 s., 7,39 AHc20 cm0 aMalá edícia svetových autorovvZv. 3. aBrož. 11 Kčs.1 aJurák, Augustín4prk1 aKrupa, Viktor4[ADC]1 aRostoka, Vladislav4gup